Statistics for Which City in New York State?

Click here to take the quiz!

General Stats

  • This quiz has been taken 12,193 times
    (12,134 since last reset)
  • The average score is 11 of 20

Answer Stats

DescriptionLetterCity% Correct
Most populous city in the United StatesNNew York City
100%
Capital of New YorkAAlbany
94%
City known for the assassination of William McKinley and a missed field goalBBuffalo
79%
Named after the classical Greek city on the Italian island of SicilySSyracuse
70%
New York's fourth-most populous city, located right north of the BronxYYonkers
67%
Connected to its Canadian counterpart via the Rainbow International BridgeNNiagara Falls
64%
Known as "The Flower City", it's New York's largest city on Lake OntarioRRochester
64%
City where Cornell University is located, named for the island Ulysses came fromIIthaca
63%
City in upstate New York named for a Phoenician colonyUUtica
60%
Headquarters of the U.S. Army academyWWest Point
60%
Small village that hosted the 1932 and 1980 Winter OlympicsLLake Placid
55%
Home to the Baseball Hall of FameCCooperstown
46%
It's not the home of George Washington - it just has the same nameMMount Vernon
43%
Site of two battles in 1777 that are called the "turning point" of the Revolutionary WarSSaratoga
38%
Where Ichabod Crane was dispatched toSSleepy Hollow
35%
Occupies the northeast corner of the state, namesake of a nearby lakeCChamplain
34%
Located on the far tip of Long IslandMMontauk
33%
Known as the "The Queen City of the Hudson"PPoughkeepsie
30%
Where the New York State Constitution was framed by a convention in 1776,
(therefore nicknamed "The Birthplace of New York State")
WWhite Plains
14%
Site of the Woodstock Music Festival in 1969BBethel
13%

Score Distribution

Percentile by Number Answered

Percent of People with Each Score

Your Score History

You have not taken this quiz since the last reset